00822cam a22002411 450000100060000000300080000600500170001400800410003103500200007204000410009204100080013308200180014110000500015924500640020926000420027330000290031550400180034465000330036265000240039594200120041999900170043195201320044828574BD-RjUL20211209051312.0140331s1932 enk 001 0 eng d a(BD-RjUL) 28655 aDLCcTxFTCdOCoLCdDLCdBD-RjULbeng aeng00a121bSTT 19321 aStace, W. T.q(Walter Terence),d1886-95995914aThe theory of knowledge and existence /cby W. T. Stace ... aOxford :bThe Clarendon press,c1932. axii, 455p. ;c22 1/2 cm. aInclude index 0aKnowledge, Theory of.987522 0aMetaphysics.987523 2ddccBK c28574d28574 00102ddc40728NFICaRUCLbRUCLcReadingd1955-04-21eO.U.P.g9.00l0o121 STT 1932r2014-03-31 00:00:00tC-1w2014-03-31yBK